[Event "AUTO-MASTER-2496"]
[Site "http://www.queenalice.com/game.php?id=1475453"]
[Date "2017.4.27"]
[Round "2"]
[White "matto64"]
[Black "FunChess"]
[Result "0-1"]
[WhiteElo "2191"]
[BlackElo "2320"]

1. d4 Nf6 2. Nf3 g6 3. Nc3 d5 4. e4 dxe4 5. Ng5 Bg7 6. Bc4 O-O 7. O-O e6 8. Re1
b6 9. Ngxe4 Nxe4 10. Nxe4 Bb7 11. c3 c5 12. Bg5 Qc7 13. dxc5 Qc6 14. f3 bxc5 15.
Be7 Re8 16. Bg5 Nd7 17. Qe2 a6 18. Be3 h6 19. Rad1 Kh7 20. Rd6 Qc7 21. Red1 Red8
22. Qd2 Ne5 23. Bb3 Bxe4 24. fxe4 Rxd6 25. Qxd6 Qxd6 26. Rxd6 c4 27. Bc2 Rb8 28.
b4 cxb3 29. axb3 a5 30. Ra6 Ng4 31. Bd4 Bxd4+ 32. cxd4 Rb4 33. Rd6 Ne3 34. Bd3
Rxb3 35. Be2 a4 36. Rd7 Kg7 37. Ra7 a3 38. Ra4 Rb2 39. Bd3 Rxg2+ 40. Kh1 Rd2 0-1

[Event "AUTO-MASTER-2496"]
[Site "http://www.queenalice.com/game.php?id=1475454"]
[Date "2017.4.27"]
[Round "2"]
[White "FunChess"]
[Black "matto64"]
[Result "1-0"]
[WhiteElo "2312"]
[BlackElo "2220"]

1. e4 c5 2. d4 cxd4 3. c3 dxc3 4. Nxc3 g6 5. Bc4 Bg7 6. Nf3 Nc6 7. O-O d6 8. Be3
Nh6 9. h3 O-O 10. Qd2 d5 11. exd5 Na5 12. Bd3 Nf5 13. b4 Nxe3 14. fxe3 Bxc3 15.
Qxc3 Qxd5 16. bxa5 Be6 17. Nd4 Rac8 18. Qa3 Rc7 19. Rfc1 Rfc8 20. Rxc7 Rxc7 21.
Nxe6 Qxe6 22. Be2 Qe5 23. Rd1 Rc3 24. Qb2 Qxe3+ 25. Kh1 Rc8 26. Qxb7 Rc2 27. Bf3
Qc5 28. Qd5 Qa3 29. Qe5 Rc8 30. Bd5 1-0

[Event "AUTO-MASTER-2574"]
[Site "http://www.queenalice.com/game.php?id=1485006"]
[Date "2017.7.6"]
[Round "2"]
[White "dadge"]
[Black "matto64"]
[Result "0-1"]
[WhiteElo "1932"]
[BlackElo "2182"]

1. e4 c5 2. Nf3 d6 3. d4 cxd4 4. Nxd4 Nf6 5. Nc3 g6 6. Bb5+ Bd7 7. Bxd7+ Qxd7 8.
O-O Bg7 9. Be3 O-O 10. Qd2 Nc6 11. Rad1 a6 12. f4 Rac8 13. Nf3 Qc7 14. f5 Ne5
15. Nxe5 dxe5 16. Nd5 Nxd5 17. Qxd5 b5 18. c3 Qc4 19. fxg6 hxg6 20. Bg5 Qxd5 21.
Rxd5 f6 22. Be3 Rc4 23. Rd7 Rxe4 24. Bc5 Re2 25. Bxe7 Rf7 26. Rd8+ Kh7 27. Ba3
f5 28. Rd6 Bf8 29. Rxa6 Bxa3 30. Rxa3 Rd7 31. Rb3 Rdd2 0-1

[Event "AUTO-MASTER-2574"]
[Site "http://www.queenalice.com/game.php?id=1485007"]
[Date "2017.7.6"]
[Round "2"]
[White "matto64"]
[Black "dadge"]
[Result "1-0"]
[WhiteElo "2167"]
[BlackElo "1941"]

1. d4 d5 2. Bf4 Nf6 3. Nf3 e6 4. e3 Nc6 5. c3 Bd6 6. Ne5 Bxe5 7. dxe5 Nd7 8. Bb5
O-O 9. Bxc6 bxc6 10. Qg4 f5 11. Qg3 Ba6 12. Nd2 c5 13. O-O-O Be2 14. Rde1 Bd3
15. Nf3 c6 16. Bh6 g6 17. Bxf8 Qxf8 18. h4 Qg7 19. h5 Be4 20. Ng5 Qxe5 21. f4 h6
22. fxe5 1-0

[Event "AUTO-MASTER-2574"]
[Site "http://www.queenalice.com/game.php?id=1485010"]
[Date "2017.7.6"]
[Round "2"]
[White "Constante"]
[Black "matto64"]
[Result "1-0"]
[WhiteElo "2138"]
[BlackElo "2194"]

1. Nf3 c5 2. c4 Nf6 3. Nc3 Nc6 4. g3 g6 5. Bg2 Bg7 6. O-O O-O 7. d4 cxd4 8. Nxd4
Re8 9. h3 a6 10. Be3 d6 11. Nxc6 1-0

[Event "AUTO-MASTER-2574"]
[Site "http://www.queenalice.com/game.php?id=1485011"]
[Date "2017.7.6"]
[Round "2"]
[White "matto64"]
[Black "Constante"]
[Result "0-1"]
[WhiteElo "2180"]
[BlackElo "2152"]

1. d4 Nf6 2. Bf4 g6 3. c4 Bg7 4. Nc3 d6 5. e4 O-O 6. Qd2 Nbd7 7. Nf3 Re8 8. Be2
e5 9. dxe5 dxe5 10. Nxe5 c6 0-1

[Event "AUTO-MASTER-2574"]
[Site "http://www.queenalice.com/game.php?id=1485014"]
[Date "2017.7.6"]
[Round "2"]
[White "matto64"]
[Black "philler"]
[Result "1-0"]
[WhiteElo "2186"]
[BlackElo "2067"]

1. d4 Nf6 2. Nf3 g6 3. c4 Bg7 4. Nc3 d5 5. cxd5 Nxd5 6. e4 Nxc3 7. bxc3 c5 8.
Rb1 O-O 9. Be2 Qa5 10. Bd2 cxd4 11. cxd4 Qxa2 12. O-O Qe6 13. Qc2 b6 14. d5 Qd6
15. Be3 Ba6 16. Rfc1 Bxe2 17. Qxe2 Nd7 18. Rc6 Qb8 19. Qc4 Rc8 20. Rc1 Rxc6 21.
dxc6 Ne5 22. Nxe5 Bxe5 23. c7 Qc8 24. Qc6 Bd6 25. Qxa8 1-0

[Event "AUTO-MASTER-2574"]
[Site "http://www.queenalice.com/game.php?id=1485015"]
[Date "2017.7.6"]
[Round "2"]
[White "philler"]
[Black "matto64"]
[Result "0-1"]
[WhiteElo "2096"]
[BlackElo "2172"]

1. e4 c5 2. Nf3 d6 3. d4 cxd4 4. Nxd4 Nf6 5. Nc3 g6 6. Be3 Bg7 7. Bc4 O-O 8. Qd2
Ng4 9. Bg5 h6 10. Bh4 Nc6 11. Nxc6 bxc6 12. h3 Ne5 13. Bb3 Ba6 14. O-O-O Rb8 15.
Kb1 Nc4 16. Bxc4 Bxc4 17. f4 Bxa2+ 18. Kc1 Qb6 19. Na4 Bxb2+ 0-1

[Event "AUTO-MASTER-2659"]
[Site "http://www.queenalice.com/game.php?id=1502301"]
[Date "2017.11.6"]
[Round "1"]
[White "matto64"]
[Black "Constante"]
[Result "1-0"]
[WhiteElo "2221"]
[BlackElo "2183"]

1. e4 e6 2. d4 d5 3. exd5 exd5 4. Nf3 Bd6 5. Bd3 Bg4 6. h3 Bh5 7. c3 Ne7 8. Bg5
f6 9. Bh4 c6 10. O-O Qc7 11. g4 Bg6 12. Kg2 Nd7 13. Bg3 O-O 14. h4 Rae8 15. h5
Bf7 16. Nbd2 Be6 17. Nh4 f5 18. g5 f4 19. Bh2 Nf5 20. Nhf3 Be7 21. Re1 Qd6 22.
Kh1 h6 23. Rg1 Kh8 24. gxh6 Nxh6 25. Rg6 Rf6 26. Qg1 Rg8 27. Nh4 Nf8 28. Ndf3
Bf7 29. Rg5 Qd8 30. Ne5 Qe8 31. Nhg6+ Nxg6 32. hxg6 Be6 33. Rh5 Rgf8 34. Rxh6+
gxh6 35. g7+ Kg8 36. gxf8=Q+ Kxf8 37. Ng6+ Kf7 38. Nxf4 Qg8 39. Qxg8+ Kxg8 40.
Re1 1-0

[Event "AUTO-MASTER-2659"]
[Site "http://www.queenalice.com/game.php?id=1502316"]
[Date "2017.11.6"]
[Round "1"]
[White "matto64"]
[Black "rockaudrey"]
[Result "1-0"]
[WhiteElo "2202"]
[BlackElo "2127"]

1. d4 Nf6 2. Nf3 d5 3. Bf4 e6 4. e3 Bd7 5. Nbd2 c5 6. c3 cxd4 7. exd4 Be7 8. Bd3
O-O 9. O-O Nc6 10. Ne5 a6 11. Qf3 Qb6 12. Qh3 Rad8 13. b3 Be8 14. Ndf3 Ne4 15.
g4 h6 16. Nc4 Qa7 17. g5 Nxg5 18. Bxg5 Bxg5 19. Nxg5 dxc4 20. bxc4 Bd7 21. Nh7
Rfe8 22. Nf6+ gxf6 23. Qxh6 f5 24. Kh1 Ne7 25. Rg1+ Ng6 26. Rxg6+ fxg6 27. Qxg6+
Kf8 28. Qf6+ Kg8 29. Rg1+ 1-0

[Event "AUTO-MASTER-2659"]
[Site "http://www.queenalice.com/game.php?id=1502317"]
[Date "2017.11.6"]
[Round "1"]
[White "rockaudrey"]
[Black "matto64"]
[Result "0-1"]
[WhiteElo "2096"]
[BlackElo "2212"]

1. e4 c5 2. Nf3 d6 3. d4 cxd4 4. Nxd4 Nf6 5. Nc3 g6 6. f3 Qb6 7. Bc4 Bg7 8. Bb3
Nxe4 9. fxe4 Bxd4 10. Qf3 O-O 11. Bh6 Bg7 12. Nd5 Qa5+ 13. Bd2 Qd8 14. O-O-O Nc6
15. Bg5 h6 16. Bh4 Be6 17. Rhf1 g5 18. Bg3 a5 19. h4 g4 20. Qe3 a4 21. Bc4 a3
22. b3 Rc8 23. Bf4 Kh7 24. Bd3 Ne5 25. Bxe5 Bxe5 26. Kb1 Qa5 27. Qd2 Qc5 28.
Nxe7 Qd4 29. c3 Rxc3 30. Bc2 Rd3 31. Bxd3 Qa1+ 32. Kc2 Qb2# 0-1

[Event "AUTO-MASTER-2659"]
[Site "http://www.queenalice.com/game.php?id=1502318"]
[Date "2017.11.6"]
[Round "1"]
[White "matto64"]
[Black "Bruscato"]
[Result "1-0"]
[WhiteElo "2183"]
[BlackElo "2105"]

1. Nf3 c5 2. e4 e6 3. d4 cxd4 4. Nxd4 Nf6 5. Nc3 Bb4 6. e5 Nd5 7. Qg4 g6 8. Bd2
Bxc3 9. bxc3 Qc7 10. Qg3 Nc6 11. Nb5 Qb6 12. Nd6+ Kf8 13. Bh6+ Kg8 14. Bc4 Qa5
15. Bxd5 Qxd5 16. Ne8 Qe4+ 17. Kd1 1-0

[Event "AUTO-MASTER-2659"]
[Site "http://www.queenalice.com/game.php?id=1502319"]
[Date "2017.11.6"]
[Round "1"]
[White "Bruscato"]
[Black "matto64"]
[Result "0-1"]
[WhiteElo "2093"]
[BlackElo "2193"]

1. e4 c5 2. Nf3 d6 3. d4 cxd4 4. Nxd4 Nf6 5. Nc3 g6 6. f4 Nc6 7. Nxc6 bxc6 8. e5
Nd7 9. exd6 exd6 10. Be2 Nf6 11. O-O Bg7 12. Bd3 O-O 13. f5 Qb6+ 14. Kh1 Bd7 15.
fxg6 fxg6 16. Bc4+ d5 17. Bb3 Bg4 18. Qe1 Rae8 19. Qh4 Ne4 20. Nxd5 Rxf1# 0-1

[Event "AUTO-MASTER-2659"]
[Site "http://www.queenalice.com/game.php?id=1521358"]
[Date "2018.3.27"]
[Round "2"]
[White "punk"]
[Black "matto64"]
[Result "0-1"]
[WhiteElo "2257"]
[BlackElo "2236"]

1. d4 d5 2. c4 c6 3. Nf3 Nf6 4. e3 Bf5 5. cxd5 cxd5 6. Nc3 e6 7. Bd3 Bxd3 8.
Qxd3 Nc6 9. O-O Be7 10. a3 O-O 11. b4 a6 12. Bb2 Nd7 13. Rac1 Nb6 14. Nd2 Bd6
15. e4 Bf4 16. Rc2 Bxd2 17. Rxd2 Nc4 18. Rc2 Nxb2 19. Rxb2 dxe4 20. Nxe4 Qxd4
21. Qxd4 Nxd4 22. Rd2 e5 23. f4 f6 24. f5 b6 25. g4 Rac8 26. Rff2 Rc1+ 27. Kg2
Rfc8 28. g5 Re1 29. Nd6 Rc6 30. Nb7 fxg5 31. Nd8 Rcc1 0-1

[Event "AUTO-MASTER-2659"]
[Site "http://www.queenalice.com/game.php?id=1521359"]
[Date "2018.3.27"]
[Round "2"]
[White "matto64"]
[Black "punk"]
[Result "1-0"]
[WhiteElo "2249"]
[BlackElo "2244"]

1. d4 g6 2. e4 Bg7 3. Nc3 c5 4. Nf3 cxd4 5. Nxd4 Nc6 6. Be3 Nf6 7. f3 O-O 8. Qd2
d5 9. O-O-O Nxd4 10. e5 Nd7 11. Bxd4 e6 12. f4 Nb6 13. Nb5 Bd7 14. Bc5 Bxb5 15.
Bxb5 Rc8 16. Bxf8 Qxf8 17. Bd3 Qc5 18. Kb1 Na4 19. Rc1 Qb6 20. c4 Rd8 21. Qc2
dxc4 22. Bxc4 Nc5 23. Rhd1 Rxd1 24. Rxd1 Bf8 25. g4 Na6 26. Bxa6 bxa6 27. f5
gxf5 28. gxf5 exf5 29. Qxf5 Qg6 30. Qxg6+ hxg6 31. Rd8 Kg7 32. Rd7 1-0

[Event "AUTO-MASTER-2659"]
[Site "http://www.queenalice.com/game.php?id=1521364"]
[Date "2018.3.27"]
[Round "2"]
[White "matto64"]
[Black "betofortaleza"]
[Result "1-0"]
[WhiteElo "2235"]
[BlackElo "1829"]

1. e4 e5 2. Bc4 d6 3. Qh5 Qe7 4. Qd1 Nf6 5. d3 Nc6 6. Nf3 Bg4 7. c3 O-O-O 8. b4
a6 9. Be3 d5 10. exd5 Nxd5 11. h3 Nxe3 12. fxe3 e4 13. hxg4 exf3 14. Qxf3 Ne5
15. Qe4 Nxc4 16. Qxe7 Bxe7 17. dxc4 Rd3 18. Ke2 Rhd8 19. Rxh7 Bf6 20. Rh8 Rxe3+
21. Kxe3 Rxh8 22. Na3 Bxc3 23. Rb1 Re8+ 24. Kd3 Bf6 25. Nc2 b6 26. Rf1 Re7 27.
Ne3 Bg5 28. Nd5 Rd7 29. Kc2 f6 30. Re1 Kb7 31. Re7 Rxe7 32. Nxe7 c5 33. b5 axb5
34. cxb5 Bf4 35. Kd3 Bd6 36. Nf5 Bf8 37. Kc4 g6 38. Nh4 g5 39. Nf5 Kc7 40. Ne3
Kd6 41. Nd5 Ke5 42. Nxb6 Bd6 43. a4 1-0

[Event "AUTO-MASTER-2659"]
[Site "http://www.queenalice.com/game.php?id=1521365"]
[Date "2018.3.27"]
[Round "2"]
[White "betofortaleza"]
[Black "matto64"]
[Result "0-1"]
[WhiteElo "1790"]
[BlackElo "2232"]

1. e4 c5 2. e5 Nc6 3. Nf3 g6 4. d4 cxd4 5. Bb5 Qa5+ 6. c3 Qxb5 7. Nxd4 Qxe5+ 8.
Be3 Bh6 9. O-O Bxe3 10. fxe3 Qxe3+ 11. Kh1 Qg5 12. c4 Nf6 13. Nc3 O-O 14. Nf3
Qc5 15. Qe2 d6 16. Ne4 Nxe4 17. Qxe4 Bf5 18. Qe2 e5 19. b3 Nd4 20. Nxd4 exd4 21.
Rf4 d3 22. Qf3 Rae8 23. Rf1 d2 24. Qd1 Qe3 25. h3 Qxf4 0-1

[Event "Challenge"]
[Site "http://www.queenalice.com/game.php?id=1541011"]
[Date "2018.9.3"]
[Round "-"]
[White "Lapoule"]
[Black "matto64"]
[Result "1-0"]
[WhiteElo "1947"]
[BlackElo "2262"]

1. e4 c5 2. Nc3 Nc6 3. Bc4 e6 4. d3 g6 5. Nf3 Bg7 6. Nb5 d6 7. O-O a6 8. Na3 Nf6
9. c3 O-O 10. Nh4 b5 11. Bb3 Bb7 12. Qe2 Ne5 13. f4 Nc6 14. Be3 Nxe4 15. Nxg6
Nxc3 16. bxc3 hxg6 17. Rac1 Ne7 18. Qg4 Nd5 19. Bd2 Bf6 20. f5 Kg7 21. fxg6 fxg6
22. Qxe6 Ne7 23. Qe3 Rh8 24. Rxf6 c4 25. dxc4 Kxf6 26. cxb5 d5 27. Qd4+ Kf7 28.
g4 Kg8 29. Rf1 Nf5 30. gxf5 Rh4 31. Qe5 Rg4+ 32. Kh1 Qd7 33. h3 Re8 34. Qh2 Rge4
35. Qg3 Kh8 36. fxg6 d4 37. Kg1 R8e7 38. Rf8+ Kg7 39. Rg8+ Kf6 40. Qg5# 1-0

[Event "Challenge"]
[Site "http://www.queenalice.com/game.php?id=1555478"]
[Date "2019.1.5"]
[Round "-"]
[White "matto64"]
[Black "Lapoule"]
[Result "1-0"]
[WhiteElo "2241"]
[BlackElo "2057"]

1. d4 e6 2. Nf3 Nf6 3. Bf4 Ne4 4. c3 g5 5. Nbd2 Nxf2 6. Bxg5 Nxd1 7. Bxd8 Ne3 8.
Bf6 Rg8 9. Rc1 Nxg2+ 10. Kf2 Nf4 11. Be5 Nd5 12. c4 d6 13. cxd5 dxe5 14. Ne4 Kd8
15. Nxe5 Rg7 16. Bh3 exd5 17. Bxc8 Kxc8 18. Nf6 Kd8 19. Nh5 Rg8 20. Nxf7+ Kc8
21. Rhg1 Rxg1 22. Rxg1 Kd7 23. Rg8 Ke7 24. Ng5 Nc6 25. Nf4 Nxd4 26. Nxd5+ Kd6
27. Nf4 Ke7 28. Nxh7 Kf7 29. Rxf8+ Rxf8 30. Nxf8 Kxf8 31. Ke3 Nf5+ 32. Ke4 Nd6+
33. Ke5 Nc4+ 34. Kf6 Ke8 35. h4 Nxb2 36. h5 Kf8 37. h6 Kg8 38. Kg6 c5 39. h7+
Kh8 40. Kh6 c4 41. Ng6# 1-0